Vplyv kognitívnej reflexie na investičné rozhodnutia diplomová práca

Na minha lista:
Detalhes bibliográficos
Autor principal: Repka, Gabriel
Autor Corporativo: Národohospodárska fakulta EU. Katedra poisťovníctva
Outros Autores: Brokešová, Zuzana, 1985-
Formato: Livro
Idioma:eslovaco
Publicado em: Bratislava 2024
Tags: Adicionar Tag
Sem tags, seja o primeiro a adicionar uma tag!

MARC

LEADER 00000nbm a2200000 4500
001 0300721
005 20240926084317.3
041 0 |a slo 
044 |a SK 
245 1 0 |a Vplyv kognitívnej reflexie na investičné rozhodnutia  |b diplomová práca  |c Gabriel Repka ; školiteľ: Zuzana Brokešová 
264 1 |a Bratislava  |c 2024 
300 |a 63 s. 
100 1 |a Repka, Gabriel 
700 1 |a Brokešová, Zuzana, 1985- 
710 2 |a Národohospodárska fakulta EU. Katedra poisťovníctva